Bieda slovenskej energetiky

Neuspokojivý stav liberalizácie trhu na Slovensku. Nízky podiel alternatívnych dodávateľov na dodávke elektriny domácnostiam. Prísna regulácia. Malé energetické úspory. Pozitívne zmeny v novele zákona. Dôležitosť zapojenia odbornej verejnosti do smerovania energetiky v SR.

Saved in:
Bibliographic Details
Main Author: Hanulák, Rastislav
Format: Book Chapter
Language:Slovak
Subjects:
Tags: Add Tag
No Tags, Be the first to tag this record!

MARC

LEADER 00000naa a2200000 4500
001 0247948
005 20180928092406.7
041 0 |a slo 
044 |a CZ 
245 1 0 |a Bieda slovenskej energetiky  |c Rastislav Hanulák 
520 |a Neuspokojivý stav liberalizácie trhu na Slovensku. Nízky podiel alternatívnych dodávateľov na dodávke elektriny domácnostiam. Prísna regulácia. Malé energetické úspory. Pozitívne zmeny v novele zákona. Dôležitosť zapojenia odbornej verejnosti do smerovania energetiky v SR. 
610 2 0 |a energetika 
610 2 0 |a odvetvia sieťové 
610 2 0 |a regulácia 
610 2 0 |a legislatíva 
610 2 0 |a novelizácia 
610 2 0 |a zdroje energie obnoviteľné 
610 2 0 |a služby 
100 1 |a Hanulák, Rastislav